000 04611nam a2200505 a 4500
001 dia_3761
003 CHAP
005 20250814112323.0
007 ta
008 220117s2000 mx bde frm 001 0 spa d
010 _a174353
040 _cCHAP
_amxchpua
_erda
041 0 _aspa
_beng
090 _aTesis
_bA38
_c2000
100 1 _aAguirre Camacho, José
245 1 0 _aEstablecimiento de un beneficio húmedo de café, en la comunidad de Palma Buenos Aires, Misantla, Veracruz /
_cJosé Aguirre Camacho y Marcelino Alvarado Salvador
264 _aChapingo, México :
_bEl autor,
_c2000
300 _avi, 90 hojas :
_bmapas, gráficas, diagramas, tablas, planos
336 _2rdacontent
_atexto
_btxt
337 _2rdamedia
_ano mediado
_bn
338 _2rdacarrier
_avolumen
_bnc
500 _aLos planos están incluidos en el reporte.
502 _aTesis
_b(Ingeniero Agroindustrial) --
_cUACh. Departamento de Ingeniería Agroindustrial,
_d2000
504 _aBibligrafía: hojas 89-90
505 0 _a3 planos -- 1. Plano de distribución de áreas -- 2. Plano de distribución de equipo (Planta baja) -- 3. Plano de distribución de equipo (Planta alta)
520 3 _aDebido a que los cafeticultores de la comunidad La Palma Buenos Aires, Misantla, Veracruz, presentan dificultades para acceder a los financiamientos y apoyos por parte del Estado por la falta de organización y a que el procesamiento de su café cereza les generaría valor agregado y evitaría la venta a los intermediarios, se realizó un estudio para determinar la factibilidad del establecimiento de un beneficio húmedo de café para estos productores. Las condiciones en que se desarrollará el proyecto son: el 54% de la materia prima será aportada por los socios y el 46% se pretende captar en las comunidades aledañas, a través de centros de acopio; se usará equipo orientado al bajo consumo de agua; el monto de la inversión fija y diferida será de $146,087, donde el 50% del costo del equipo principal se cubrirá con apoyos del "Programa Alianza para el Campo"; el capital de trabajo es de $22,315.00 y será aportado por los socios,; la inversión por socio es de $5,292.00 Los factores de riesgo más importantes para el proyecto son los volúmenes de materia prima a captar, la organización social, la adquisición del apoyo a través del "Programa Alianza para el Campo" y los márgenes de ingreso. El proyecto es viable en las condiciones que se pretende desarrollar, presentando una tasa de rentabilidad de 15%. --
520 3 _aDue the coffee producers from La Palma Buenos Aires, Misantla Veracruz, had difficult to the financing and from the state support for lacking of organization. Besides, the coffee procesing could generate aggregated value and avoid the selling to the intermediates. For determining an establishment of the coffee humid benefit studious were realized. The condition were the proyect would be developed are: 54% of coffee from productives may get and 46% would be gotten from other communities although store point; Would be used equipment in focus of low use up of water; the differ and fixed investment would be about $146,087.00 where the 50% the cost of principal equipment might be paid for the program named "Alianza Para el Campo", the working capital required is about $22,315.00 this might be gotten from producer members; the investment per producer would be about $5,292.00. The most important risks for the proyect are: the coffee have to get, the social organization, the support obtained from the program named "Alianza Para el Campo" and the income margin. The proyect was determined as feasible, under conditions which were developed, showing a financial rentability race of 15%. 
650 1 3 _aDesarrollo comunitario
_zMéxico
_zVeracruz
_2atg
650 1 3 _aSemillas de café
_xFinanciamiento
_2atg
650 1 3 _aSemillas de café
_xIniciativa empresarial
_2atg
650 1 3 _aCoffee beans
_xEntrepreneurship
_2atg
650 1 3 _aCoffee beans
_xFunding
_2atg
650 1 3 _aCommunity development
_zMexico
_zVeracruz
_2atg
700 1 _aAlvarado Salvador, Marcelino
_eautor
700 1 _aSantoyo Cortés, Vinicio Horacio
_edirector
700 1 _aEspinosa Solares, Teodoro
_easesor
700 1 _aPérez Pelayo, Fernando
_easesor
856 4 1 _uhttp://10.13.5.2/tesis/2000_Aguirre_Camacho_Jose_Tesis.pdf
_yDescargar PDF
901 _aTESIS A38 2000
902 _aM
905 _a5232272000 mx mbe 8223123322spa16
942 _cTESIS
_2Clasificación Universidad Autónoma Chapingo
999 _c174353
_d174353